|
|
|
|
| LEADER |
00000nam0a2200000 4500 |
| 001 |
183026 |
| 005 |
20231031171440.0 |
| 020 |
|
|
|a RU
|b 81-14513
|
| 035 |
|
|
|a (RuTPU)RU\TPU\book\198404
|
| 090 |
|
|
|a 183026
|
| 100 |
|
|
|a 20100630d1981 k y0rusy5003 ca
|
| 101 |
1 |
|
|a rus
|c eng
|
| 102 |
|
|
|a RU
|
| 105 |
|
|
|a a z 001zy
|
| 200 |
1 |
|
|a Сверхкороткие световые импульсы
|e пер. с англ.
|f С. Л. Шапиро
|
| 210 |
|
|
|a Москва
|c Мир
|d 1981
|
| 215 |
|
|
|a 479 с.
|c ил.
|d 22 см.
|
| 225 |
1 |
|
|a Проблемы прикладной физики
|
| 320 |
|
|
|a Библиография в конце глав.
|
| 610 |
1 |
|
|a световые импульсы
|
| 610 |
1 |
|
|a короткие временные интервалы
|
| 610 |
1 |
|
|a измерение
|
| 610 |
1 |
|
|a пикосекундная техника
|
| 610 |
1 |
|
|a история
|
| 610 |
1 |
|
|a генерация
|
| 610 |
1 |
|
|a методы измерения
|
| 610 |
1 |
|
|a пикосекундная нелинейная оптика
|
| 610 |
1 |
|
|a оптические гармоники
|
| 610 |
1 |
|
|a пучки
|
| 610 |
1 |
|
|a самофокусировка
|
| 610 |
1 |
|
|a фазовая самомодуляция
|
| 610 |
1 |
|
|a оптический пробой
|
| 610 |
1 |
|
|a импульсы
|
| 610 |
1 |
|
|a колебательная релаксация
|
| 610 |
1 |
|
|a пикосекундная спектроскопия
|
| 610 |
1 |
|
|a электронные возбуждения
|
| 610 |
1 |
|
|a твердые тела
|
| 610 |
1 |
|
|a экситоны
|
| 610 |
1 |
|
|a энергия
|
| 610 |
1 |
|
|a межмолекулярный перенос
|
| 610 |
1 |
|
|a фотодиссоциация
|
| 610 |
1 |
|
|a биология
|
| 610 |
1 |
|
|a фотосинтез
|
| 610 |
1 |
|
|a гемоглобин
|
| 610 |
1 |
|
|a ДНК
|
| 610 |
1 |
|
|a дезоксирибонуклеиновая кислота
|
| 675 |
|
|
|a 535.8
|z rus
|v 3
|
| 702 |
|
1 |
|a Шапиро
|b С. Л.
|4 070
|
| 801 |
|
0 |
|a RU
|b RuMRKP
|c 19950704
|g psbo
|
| 801 |
|
1 |
|a RU
|b 63413507
|c 20100630
|
| 801 |
|
2 |
|a RU
|b 63413507
|c 20190207
|g RCR
|
| 942 |
|
|
|c BK
|